000 00494nam a22001937a 4500
999 _c6051
_d6051
003 GBCCL
005 20241126110555.0
008 180425b ||||| |||| 00| 0 eng d
040 _cgbc
082 _a248
_bSIN
100 _aSingh, Bakht
_98934
245 _aSharing God's secrets /
_cBakht Singh
250 _aReprint
260 _aBombay:
_bGospel Literature Service,
_c1991
300 _a355 p.;
_c18 cm.
650 _aMeditations
_91412
650 _aChristian life
_9183
942 _2ddc
_cBK